Statistics for It's got the LOT...

Click here to take the quiz!

General Stats

  • This quiz has been taken 4 times
  • The average score is 6 of 15

Answer Stats

HintAnswer% Correct
Coagulated bloodClot
100%
A type of creamClotted
75%
Lottery UKLotto
75%
Goes with jetsamFlotsam
50%
After shave, for exampleLotion
50%
"This is your Captain speaking..."Pilot
50%
Speaks several different languagesPolyglot
50%
Adhesive tape (trade name)Sellotape
50%
Largest airline of the Russian FederationAeroflot
25%
An architectural carbuncle (usu. followed by 'on the landscape')Blot
25%
Cartilage behind the tongueEpiglottis
25%
"Off with his head"Guillotine
25%
UK car manufacturer, models include, ELAN, ELISE, CARLTONLotus
25%
A casanovaLothario
0%
A Police Detective, not in uniformPlainclothes
0%

Score Distribution

Percentile by Number Answered

Percent of People with Each Score

Your Score History

You have not taken this quiz